| Поле | Инд. | ПП | Название | Значение |
|---|---|---|---|---|
| Тип записи | a | |||
| Библиографический уровень | m | |||
| 001 | Контрольный номер | 2855712e-1a89-4251-bbd2-7696d90a6eeb | ||
| 005 | Дата корректировки | 20220901102553.1 | ||
| 008 | Кодируемые данные | 950630s1995 rur 00000 rus d | ||
| 041 | 0_ | a | Код языка текста | rus |
| 080 | a | Индекс УДК | 008(075.8) | |
| 084 | a | Индекс другой классификации/Индекс ББК | Ю66я731-1 | |
| a | Индекс другой классификации/Индекс ББК | Т3(0)0-7я731-1 | ||
| 090 | x | Авторский знак | В 24 | |
| a | Полочн. индекс | Ю66 | ||
| 245 | 10 | a | Заглавие | Введение в культурологию |
| n | Номер части/ раздела | Ч. 3 | ||
| p | Название части/ раздела | Практикум | ||
| b | Продолж. заглавия | учебное пособие в 3 ч. по курсу "Теория и история мировой и отечественной культуры" | ||
| c | Ответственность | под общей редакцией В. А. Сапрыкина ; Московский государственный институт электроники и математики (Технический университет), Кафедра культурологии | ||
| 260 | 0_ | a | Место издания | Москва |
| c | Дата издания | 1995 | ||
| b | Издательство | б. и. | ||
| 300 | a | Объем | 167,[1] с. | |
| 653 | 0_ | a | Ключевые слова | История культуры |
| a | Ключевые слова | Культура | ||
| a | Ключевые слова | Культурология | ||
| a | Ключевые слова | Учебники для вузов | ||
| 700 | 12 | a | Другие авторы | Сапрыкин В. А. |
| 700 | 12 | a | Другие авторы | Комиссаров С. Н. |
| 700 | 12 | a | Другие авторы | Корякина Е. П. |
| 700 | 12 | a | Другие авторы | Комиссаров С. С. |
| 852 | 41 | i | Расстановочный признак | Проверка 2022 |
| 901 | t | Тип документа | m | |
| 920 | a | Оператор | Хохл | |
| a | Оператор | Суха | ||
| 930 | a | Новая/Ретро | ретро | |
| 952 | c | Вид литературы | К ру | |
| 954 | a | Дата поступления на обработку | 22.05.96 | |
| e | Дата перешифровки | 20220225 | ||
| 954 | a | Дата поступления на обработку | 20220901 |